[Event "Hastings Weekend op-B"]
[Site "Hastings"]
[Date "2024.01.06"]
[Round "2"]
[White "Osborne, Hugh"]
[Black "Giles, Anthony"]
[Result "1/2-1/2"]
[WhiteElo "1806"]
[BlackElo "1781"]
[PlyCount "83"]
[EventDate "2024.01.06"]
[EventType "swiss"]
[EventRounds "5"]
[EventCountry "ENG"]
[SourceTitle "CB02_2024"]
[SourceDate "2024.01.10"]
[SourceVersion "1"]
[SourceVersionDate "2024.01.10"]
[SourceQuality "1"]

1. e4 c5 2. d4 cxd4 3. c3 dxc3 4. Nxc3 Nc6 5. Bc4 e6 6. Bf4 a6 7. a4 Bb4 8. Nf3 Nge7 9. Qe2 0-0 10. 0-0 Bxc3 11. bxc3 d5 12. Rfd1 Qa5 13. exd5 exd5 14. Bb3 Qxc3 15. Bc2 Bf5 16. Rac1 Bxc2 17. Rxc2 Qf6 18. Bg5 Qe6 19. Qd2 f6 20. Re1 Qd7 21. Bf4 Ng6 22. Bg3 Rfe8 23. Rcc1 Nge5 24. Nxe5 Nxe5 25. Red1 Rac8 26. h3 Rxc1 27. Rxc1 Nc6 28. Rd1 Kh8 29. Kh2 d4 30. f3 Rd8 31. Bf2 Kg8 32. h4 d3 33. Bb6 Qd6+ 34. Kg1 Rd7 35. Re1 Ne5 36. Qa2+ Qd5 37. Qd2 Nc4 38. Qb4 Nxb6 39. Re8+ Kf7 40. Rf8+ Ke6 41. Re8+ Kf7 42. Rf8+ 1/2-1/2